000 01052cam a22003137a 4500
003 CHAP
005 20220329134321.0
008 971013s1965 r 00010 d
010 _a18636
011 _a19608
035 _a23693
040 _cCHAP
090 _aTesis
100 0 0 _aAlmaguer Morales, Everardo.
_94473
245 0 _aTaxonomía y datos ecológicos de las gramíneas a lo largo del río Ramos, Nuevo León
260 _aMonterrey, N.L., :
_bEl autor,
_c1965
300 _a78 h.
_b: ilus
502 _aTesis (Ingeniero Agrónomo Zootecnista) -- ITESM. Escuela de Agricultura y Ganadería
590 _aALEPH
_b10
_c20130110
_lUCH01
_h1241
590 _aBATCH-UPD
_b10
_c20130110
_lUCH01
_h0155
590 _aBATCH-UPD
_b10
_c20130110
_lUCH01
_h2329
590 _aBATCH-UPD
_b10
_c20130409
_lUCH01
_h2158
590 _aBATCH-UPD
_b10
_c20130914
_lUCH01
_h1551
590 _aCONVERSION
_b10
_c20130109
_lUCH01
_h1311
650 1 4 _aGramíneas
_xNuevo León.
_950284
901 _aBK
942 _cTESIS
949 _bBC
_cTES
_d-55055
_eTS1
_i23693
_si
999 _c18636
_d18636